| 000 | 00711nam a2200229Ia 4500 | ||
|---|---|---|---|
| 001 | 283 | ||
| 005 | 20251203123024.0 | ||
| 008 | 251203t2014||||xx |||||||||||||| ||spa|| | ||
| 020 | _a9788416127078 | ||
| 041 | _aESP | ||
| 082 |
_a910.91 _bB67 |
||
| 100 |
_aBoccia, Francesco, _ceditor |
||
| 245 | 0 |
_aMaravillas del mundo : _bgrandes obras de la arquitectura, el diseño y la construcción |
|
| 246 |
_aMeraviglie dell'architettura5 _b |
||
| 260 |
_a[Barcelona] : _bLuppa Solutions, _c2014 |
||
| 300 |
_a176 páginas : _b ilustraciones ; _c 30 cm. _e |
||
| 440 |
_a _n _v |
||
| 650 | _aGEH | ||
| 653 | _aDescripciones y viajes; Arquitectura; Monumentos históricos | ||
| 654 | _aCTP | ||
| 942 |
_cLIB _dJUS _fMAT _2ddc _n |
||
| 999 |
_c283 _d283 |
||